<?xml version="1.0" encoding="UTF-8"?>
<record
    xmlns:xsi="http://www.w3.org/2001/XMLSchema-instance"
    xsi:schemaLocation="http://www.loc.gov/MARC21/slim http://www.loc.gov/standards/marcxml/schema/MARC21slim.xsd"
    xmlns="http://www.loc.gov/MARC21/slim">

  <leader>02183    a2200181   4500</leader>
  <controlfield tag="003">Nust</controlfield>
  <controlfield tag="005">20230227130919.0</controlfield>
  <datafield tag="020" ind1=" " ind2=" ">
    <subfield code="a">9694073415</subfield>
  </datafield>
  <datafield tag="040" ind1=" " ind2=" ">
    <subfield code="c">Nust</subfield>
  </datafield>
  <datafield tag="082" ind1=" " ind2=" ">
    <subfield code="a">181.07,SHA</subfield>
  </datafield>
  <datafield tag="100" ind1=" " ind2=" ">
    <subfield code="a">M.M Sharif</subfield>
    <subfield code="9">364</subfield>
  </datafield>
  <datafield tag="245" ind1=" " ind2=" ">
    <subfield code="a">A History of Muslim Philosophy /</subfield>
    <subfield code="c">M.M.Sharif</subfield>
  </datafield>
  <datafield tag="250" ind1=" " ind2=" ">
    <subfield code="a">Volume -2</subfield>
  </datafield>
  <datafield tag="260" ind1=" " ind2=" ">
    <subfield code="a">Pakisatn  Karachi</subfield>
    <subfield code="b">Royal book company</subfield>
    <subfield code="c">2007</subfield>
  </datafield>
  <datafield tag="300" ind1=" " ind2=" ">
    <subfield code="a">viii,1792p;</subfield>
  </datafield>
  <datafield tag="505" ind1=" " ind2=" ">
    <subfield code="a">Fall of the 'Abbasid Caliphate by Abdul Shakoor Ahsan (Page-789), Ibn Taimiyah by Serajul Haque (Page-796), Jalal al-Din Rumi by Khalifah Abdul Hakim (Page-820), Mahmud Shabistari, al-Jili and Jami by B. A. Dar (Page-839), Shaikh Ahmad Sirhindi by Muhammad Farman (Page-873), Jalal al-Din Dawwani by Bakhtyar Husain Siddiqi (Page-883), Ibn Khaldun by Muhsin Mahdi (Page-888), The School of Ispahan by Seyyed Hossein Nasr (Page-904), Sadr al-Din Shirazi (Mulla Sadra) by Seyyed Hossein Nasr (Page-932), Ibn Khaldun by Muhsin Mahdi (Page-961), Book Five Arabic Literature: Poetic and Prose Forms by S. M. Yusu (Page-985), Arabic Literature: Grammar and Lexicography by S. M. Yusuf (Page-1015), Arabic Literature: Theories of Literary Criticism  by M. Khalaf-allah (Page-1031), Persian Literature by Sa'id Naficy.(Page-1043), Turkish literature by Meedut Mansuroglu (Page-1058), Architecture (Page-1075), Painting by M. Ajmal (Page-1110), Music by H. G. Farmer(Page-1124) Music (Continued) by H. G. Farmer (Page-1144), Minor Arts by Syed Abid Ali Abid.(Page-1178), Historiography by I. H. Qureshi.9Page-1195) Jurisprudence by M. Hamidullah (Page-1219), Geography by Nafis Ahmad (Page-1244), Mathematics and Astronomy by M. R. Siddiqi (Page-1277) Physics and Mineralogy by Muhammad Abdur Rahman Khan (Page-1292), Chemistry by Salimuzzaman Siddiqi and S. Mahdihassan (Page-1296), Natural History by Seyyed Hossein Nasr (Page-1316), Medicine by K. S. Shah (Page-1332), Book Six. Influence of Muslim Thought on the West (Page-1349), Influence of Muslim Thought on the East by C. A. Qadir (Page-1389), Decline in the Muslim World by C. A. Qadir (Page-1417), The Silver Lining: Development of the Urdu Language, Grammar, and Literature by S. M. Abdullah (Page-1434).</subfield>
  </datafield>
  <datafield tag="942" ind1=" " ind2=" ">
    <subfield code="2">ddc</subfield>
    <subfield code="c">BK</subfield>
  </datafield>
  <datafield tag="999" ind1=" " ind2=" ">
    <subfield code="c">194011</subfield>
    <subfield code="d">194011</subfield>
  </datafield>
  <datafield tag="952" ind1=" " ind2=" ">
    <subfield code="0">0</subfield>
    <subfield code="1">0</subfield>
    <subfield code="2">ddc</subfield>
    <subfield code="4">0</subfield>
    <subfield code="7">0</subfield>
    <subfield code="a">MCS</subfield>
    <subfield code="b">MCS</subfield>
    <subfield code="c">GEN</subfield>
    <subfield code="d">2016-12-12</subfield>
    <subfield code="o">181.07,SHA</subfield>
    <subfield code="p">MCS33610</subfield>
    <subfield code="r">2016-12-08</subfield>
    <subfield code="w">2016-12-12</subfield>
    <subfield code="y">BK</subfield>
    <subfield code="z">Almirah No.73, Shelf No.2</subfield>
  </datafield>
  <datafield tag="952" ind1=" " ind2=" ">
    <subfield code="0">0</subfield>
    <subfield code="1">0</subfield>
    <subfield code="2">ddc</subfield>
    <subfield code="4">0</subfield>
    <subfield code="7">0</subfield>
    <subfield code="a">MCS</subfield>
    <subfield code="b">MCS</subfield>
    <subfield code="c">GEN</subfield>
    <subfield code="d">2016-12-12</subfield>
    <subfield code="o">181.07,SHA</subfield>
    <subfield code="p">MCS33612</subfield>
    <subfield code="r">2016-12-08</subfield>
    <subfield code="w">2016-12-12</subfield>
    <subfield code="y">BK</subfield>
    <subfield code="z">Almirah No.73, Shelf No.2</subfield>
  </datafield>
</record>
